000 00216 a2200097 4500
020 _a9786071101174
041 _aspa
100 _aKyoichi Katayama
245 _aUn grito de amor desde el centro del mundo
942 _cBK
999 _c13826
_d13826